| 000 | 00927cab a2200325 4500 | ||
|---|---|---|---|
| 001 | ABS52952 | ||
| 008 | 090401t1995 xxu||||| |||| 00| 0 eng d | ||
| 035 | _a(Sirsi) u1062 | ||
| 041 | _aeng | ||
| 100 | _aTutcher, S. | ||
| 245 | 2 | _aA mine of useful information | |
| 260 | _c1995 | ||
| 350 | _a0 | ||
| 490 |
_aProperty Week _v51(9) 1 June 1995, 24-25(2) |
||
| 520 | _aDiscusses the rating of mineral and landfill sites highlighting the effects of the 1995 revaluation. | ||
| 650 | _aENVIRONMENTAL PROTECTION ACT 1990 | ||
| 650 | _aLANDFILL SITES | ||
| 650 | _aLEASE EVIDENCE | ||
| 650 | _aMINERAL SITES | ||
| 650 | _aPLANT AND MACHINERY ORDER | ||
| 650 | _aPROPERTY VALUES | ||
| 650 | _aQUARRIES | ||
| 650 | _aRATES AND RATING | ||
| 650 | _aRATING REVALUATION 1995 | ||
| 650 | _aROYALTY PER TONNE | ||
| 650 | _aUNDERGROUND MINES | ||
| 690 | _aRATING AND VALUATION | ||
| 942 | _n0 | ||
| 948 | _c04/03/1997 | ||
| 999 |
_c583 _d583 |
||